Normal view MARC view

Entry Personal Name

Number of records used in: 2

001 - CONTROL NUMBER

  • control field: 26172

003 - CONTROL NUMBER IDENTIFIER

  • control field: dpl

005 - DATE AND TIME OF LATEST TRANSACTION

  • control field: 20110223115503.0

008 - FIXED-LENGTH DATA ELEMENTS

  • fixed length control field: 110223|||a|||||| | ||| d

040 ## - CATALOGING SOURCE

  • Original cataloging agency: dpl
  • Transcribing agency: dpl

100 ## - HEADING--PERSONAL NAME

  • Personal name: शर्मा, मनीषा

670 ## - SOURCE DATA FOUND

  • Source citation: Work cat.: (dpl)36984: शर्मा, मनीषा, सामयिक संचेतना और नासिरा शर्मा वैश्वीकरण, स्त्री-विमर्श,दलित-चेतना /, 2010

670 ## - SOURCE DATA FOUND

  • Source citation: Work cat.: (dpl)36984: शर्मा, मनीषा, सामयिक संचेतना और नासिरा शर्मा वैश्वीकरण, स्त्री-विमर्श,दलित-चेतना /, 2010

© Delhi Public Library
Hit Counter
free hit counter